| 000 | 01237cam a22003497a 4500 | ||
|---|---|---|---|
| 003 | CHAP | ||
| 005 | 20220329142005.0 | ||
| 008 | 981201d1998 mx a r 00110 spa d | ||
| 010 | _a76733 | ||
| 011 | _a77705 | ||
| 035 | _a87387 | ||
| 040 | _cCHAP | ||
| 090 | _aTesis | ||
| 100 | 0 | 0 |
_aValdovinos Ayala, José Hermenegildo. _9117387 |
| 245 | 1 | 0 |
_aEstudio de la asociación maíz-papa en la zona de agricultura intensiva del Carst-Chamula, Chiapas, México _c/por José Hermenegildo Valdovinos Ayala |
| 260 |
_aChapingo, Méx. : _bEl autor, _c1998. |
||
| 300 |
_a78 h. : _bilus. |
||
| 502 | _aTesis (Ing. en Agroecología) -- UACH. Programa de Agroecología | ||
| 590 |
_aALEPH _b10 _c20130110 _lUCH01 _h1426 |
||
| 590 |
_aBATCH-UPD _b10 _c20130110 _lUCH01 _h0725 |
||
| 590 |
_aBATCH-UPD _b10 _c20130410 _lUCH01 _h0409 |
||
| 590 |
_aBATCH-UPD _b10 _c20130914 _lUCH01 _h1125 |
||
| 590 |
_aCONVERSION _b10 _c20130109 _lUCH01 _h1342 |
||
| 650 | 1 | 4 |
_aCultivos asociados. _930370 |
| 650 | 1 | 4 |
_aMaíz _zChiapas. _971091 |
| 650 | 1 | 4 |
_aPapa _xChiapas. _985197 |
| 901 | _aBK | ||
| 905 | _aAlejandra Carrasco M. | ||
| 942 | _cFOLL | ||
| 949 |
_bBC _cTES _d33724000588380 _eTS2 _fc.2 _h33265 _i87387 _si |
||
| 949 |
_bBC _cTES _d873871 _eTS1 _h33264 _i87387 _sb |
||
| 999 |
_c76733 _d76733 |
||